Sledování vlivu matrice velmi čistých látek na stanovitelnost některých stopových součástí metodou AAS - ATA : Obh. 29.4.1992 /

Guardado en:
Detalles Bibliográficos
Autor principal: Fišera, Miroslav (Autor)
Formato: Manuscrito Libro
Lenguaje:checo
Publicado: Bratislava : SVŠT v Bratislave ChtF, 1991
Etiquetas: Agregar Etiqueta
Sin Etiquetas, Sea el primero en etiquetar este registro!

MARC

LEADER 00000ntm a22000003a 4500
001 stu18917
005 20150617225756.6
008 920604s1991----cs------------------cze-d
040 |a STU  |b slo 
041 0 |a cze 
044 |a cs 
080 |a 543.064(043.3) 
100 1 |a Fišera, Miroslav  |4 aut 
245 1 |a Sledování vlivu matrice velmi čistých látek na stanovitelnost některých stopových součástí metodou AAS - ATA :  |b Obh. 29.4.1992 /  |c [aut.]Fišera,Miroslav 
260 |a Bratislava :  |b SVŠT v Bratislave ChtF,  |c 1991 
300 |a 103 s :  |b Obr.,tab.,grafy,lit 
500 |a Katedra analytickej chémie 
996 |b CKD217  |c C*KD217  |l CCI  |s A  |a 24  |w stu18917_0001